000 00216nam a2200097Ia 4500
005 20251222175816.0
008 251222s9999||||xx |||||||||||||| ||spa||
082 _aDVD0070/S75A/1997
245 0 _aAmistad:
942 _cDVD
999 _c40334
_d40334